[Event "29th CRO-chT Junior 2020"]
[Site "Cakovec"]
[Date "2020.07.19"]
[Round "11"]
[White "Tomljanovic, Ivano"]
[Black "Ghersinich, Enrico"]
[Result "0-1"]
[WhiteElo "1393"]
[BlackElo "2299"]
[Annotator "TA"]
[PlyCount "48"]
[EventDate "2020.??.??"]
[EventCountry "CRO"]
[SourceTitle "playchess.com"]
[Source "ChessBase"]
[SourceQuality "1"]

{[%evp 19,48,41,56,0,4,0,0,0,0,-37,-48,-53,-45,-98,-91,-145,-144,-486,-485,-499,-475,-559,-301,-304,-292,-425,-403,-871,-291,-1197,-1087]} 1. e4 e6 2. d4 d5 3. exd5 exd5 4. Nf3 Nc6 5. c3 Bd6 6. Bd3 Nge7 7. O-O Bg4 8. Nbd2 Qd7 9. Re1 O-O-O {9...f6 gains popularity.} 10. b4 Rde8 11. Qb3 {C01: French: Exchange Variation.} (11. h3 $14 Bf5 12. Nf1) 11... Ng6 12. Bb2 Nf4 13. Bf1 $1 {The position is equal.} Qf5 {[#]} 14. g3 $146 ({Predecessor:} 14. a4 Re6 15. Rxe6 fxe6 16. a5 Nh3+ 17. gxh3 Bxf3 18. Nxf3 Qxf3 19. Bg2 Qf4 20. b5 {0-1 (26) Urh,Z (1977)-Nedimovic,L (2173) Portoroz 2016}) 14... Nh3+ 15. Bxh3 $1 Bxh3 16. a4 (16. a3 $15) 16... h5 17. Nh4 ({Better is} 17. Rxe8+ Rxe8 18. Re1 Rxe1+ 19. Nxe1) 17... Qd3 $36 {[%mdl 2048] Black is in control.} 18. Nf1 $2 {[%mdl 8192] [#]} (18. Red1 $17) 18... Nxd4 $1 $19 {[%mdl 512]} 19. Qd1 (19. cxd4 Qxb3) 19... Ne2+ 20. Kh1 Qc4 {...Bxf1 is the strong threat.} 21. Nd2 {[#]} Qg4 $1 22. a5 (22. Rb1 $142) 22... g5 23. a6 (23. Nf5 $142 Qxf5 24. Rxe2) 23... b6 $2 (23... gxh4 24. axb7+ Kxb7) 24. Ndf3 $2 (24. Nhf3 Nf4 25. Qa4) 24... gxh4 {White got outplayed after the opening. Accuracy: White = 15%, Black = 68%.} 0-1

[Event "29th CRO-chT Junior 2020"]
[Site "Cakovec"]
[Date "2020.07.19"]
[Round "11"]
[White "Dankos, Mislav"]
[Black "Zekic, Patrik"]
[Result "0-1"]
[WhiteElo "1274"]
[BlackElo "1699"]
[Annotator "NA RC"]
[PlyCount "72"]
[EventDate "2020.??.??"]
[EventCountry "CRO"]
[SourceTitle "playchess.com"]
[Source "ChessBase"]
[SourceQuality "1"]
[TimeControl "5400+30"]

1. d4 d5 2. c4 e6 3. Nc3 Nf6 4. Nf3 Be7 5. Bf4 O-O 6. e3 a6 7. a4 b6 8. Bd3 Bb7 9. O-O Nbd7 10. Rc1 c5 11. cxd5 exd5 12. b3 Re8 13. Re1 Rc8 14. Qe2 cxd4 15. Nxd4 Bb4 16. Qb2 Ne4 17. Bxe4 dxe4 18. Red1 Qf6 19. Nce2 Nc5 20. Rc4 Nd3 21. Qb1 Rxc4 22. bxc4 Bc5 23. a5 Bc8 24. axb6 Bxb6 25. Bg3 Rd8 26. Kh1 Bg4 27. h3 Bxd4 28. hxg4 Qh6+ 29. Kg1 Bxe3 30. fxe3 Qxe3+ 31. Kf1 f5 32. Bh4 g5 33. Nc1 gxh4 34. Nxd3 exd3 35. gxf5 Rd4 36. Re1 Rf4# 0-1

[Event "29th CRO-chT Junior 2020"]
[Site "Cakovec"]
[Date "2020.07.19"]
[Round "11"]
[White "Kristofic, Dino"]
[Black "Mandaric, Fran"]
[Result "0-1"]
[WhiteElo "1271"]
[BlackElo "1671"]
[Annotator "NA RC"]
[PlyCount "45"]
[EventDate "2020.??.??"]
[EventCountry "CRO"]
[SourceTitle "playchess.com"]
[Source "ChessBase"]
[SourceQuality "1"]
[TimeControl "5400+30"]

1. e4 c5 2. Nf3 Nc6 3. Nc3 g6 4. d4 cxd4 5. Nxd4 Bg7 6. Be3 d6 7. Bc4 Nf6 8. Qd2 O-O 9. f3 e6 10. Bg5 Nxd4 11. Qxd4 Nxe4 12. Nxe4 Bxd4 13. Bxd8 Rxd8 14. Rd1 Bxb2 15. Rxd6 Rxd6 16. Nxd6 Be5 17. Ne4 Bd7 18. Ke2 Rc8 19. Bb3 Bc6 20. Nf2 a5 21. a4 b5 22. axb5 Bxb5+ 23. Nd3 0-1